<?xml version="1.0" encoding="UTF-8"?>
<record
    xmlns:xsi="http://www.w3.org/2001/XMLSchema-instance"
    xsi:schemaLocation="http://www.loc.gov/MARC21/slim http://www.loc.gov/standards/marcxml/schema/MARC21slim.xsd"
    xmlns="http://www.loc.gov/MARC21/slim">

  <leader>00819nam a22002057a 4500</leader>
  <datafield tag="999" ind1=" " ind2=" ">
    <subfield code="c">4235</subfield>
    <subfield code="d">4235</subfield>
  </datafield>
  <controlfield tag="001">6006</controlfield>
  <controlfield tag="003">BD-DhUAP</controlfield>
  <controlfield tag="005">20201104114824.0</controlfield>
  <controlfield tag="008">201104s2008    bg a|||| |||| 000 0 ben d</controlfield>
  <datafield tag="040" ind1=" " ind2=" ">
    <subfield code="a">BD-DhUAP</subfield>
    <subfield code="b">Ben</subfield>
    <subfield code="c">BD-DhUAP</subfield>
    <subfield code="d">BD-DhUAP</subfield>
  </datafield>
  <datafield tag="082" ind1=" " ind2=" ">
    <subfield code="2">23</subfield>
    <subfield code="a">515.43 ABU</subfield>
  </datafield>
  <datafield tag="100" ind1=" " ind2=" ">
    <subfield code="a">&#x986;&#x9AC;&#x9C1; &#x987;&#x989;&#x9B8;&#x9C1;&#x9AB;, &#x9AE;&#x9CB;.&#x964;</subfield>
  </datafield>
  <datafield tag="245" ind1=" " ind2=" ">
    <subfield code="a">&#x987;&#x9A8;&#x99F;&#x9BF;&#x997;&#x9CD;&#x9B0;&#x9CD;&#x9AF;&#x9BE;&#x9B2; &#x995;&#x9CD;&#x9AF;&#x9BE;&#x9B2;&#x995;&#x9C1;&#x9B2;&#x9BE;&#x9B8; &#x993; &#x9A1;&#x9BF;&#x9AB;&#x9BE;&#x9B0;&#x9C7;&#x9A8;&#x9B8;&#x9BF;&#x9AF;&#x9BC;&#x9BE;&#x9B2; &#x9B8;&#x9AE;&#x9C0;&#x995;&#x9B0;&#x9A3; /</subfield>
    <subfield code="c">&#x9AE;&#x9CB;. &#x986;&#x9AC;&#x9C1; &#x987;&#x989;&#x9B8;&#x9C1;&#x9AB;&#x964;</subfield>
  </datafield>
  <datafield tag="250" ind1=" " ind2=" ">
    <subfield code="a">&#x9ED;&#x9AE; &#x9B8;&#x982;.&#x964;</subfield>
  </datafield>
  <datafield tag="260" ind1=" " ind2=" ">
    <subfield code="a">&#x9A2;&#x9BE;&#x995;&#x9BE; : </subfield>
    <subfield code="b">&#x9AE;&#x9BE;&#x9AE;&#x9C1;&#x9A8; &#x9AC;&#x9CD;&#x9B0;&#x9BE;&#x9A6;&#x9BE;&#x9B0;&#x9CD;&#x9B8;,</subfield>
    <subfield code="c">&#x9E8;&#x9E6;&#x9E6;&#x9EE;&#x964;</subfield>
  </datafield>
  <datafield tag="300" ind1=" " ind2=" ">
    <subfield code="a">[&#x9EB;], &#x9ED;&#x9ED;&#x9EF; &#x9AA;&#x9C3;&#x9B7;&#x9CD;&#x9A0;&#x9BE; :</subfield>
    <subfield code="b">&#x99A;&#x9BF;&#x9A4;&#x9CD;&#x9B0; ;</subfield>
    <subfield code="c">&#x9E8;&#x9E6; &#x9B8;&#x9C7;&#x9AE;&#x9BF;.&#x964;</subfield>
  </datafield>
  <datafield tag="650" ind1=" " ind2=" ">
    <subfield code="a">Calculus, Integral.</subfield>
  </datafield>
  <datafield tag="650" ind1=" " ind2=" ">
    <subfield code="a">Differential equations.</subfield>
  </datafield>
  <datafield tag="942" ind1=" " ind2=" ">
    <subfield code="2">ddc</subfield>
    <subfield code="c">BK</subfield>
  </datafield>
  <datafield tag="952" ind1=" " ind2=" ">
    <subfield code="0">0</subfield>
    <subfield code="1">0</subfield>
    <subfield code="2">ddc</subfield>
    <subfield code="4">0</subfield>
    <subfield code="7">0</subfield>
    <subfield code="a">UAPCL</subfield>
    <subfield code="b">UAPCL</subfield>
    <subfield code="c">General Stacks</subfield>
    <subfield code="d">2020-11-04</subfield>
    <subfield code="o">515.43 ABU</subfield>
    <subfield code="p">3010006006</subfield>
    <subfield code="r">2020-11-04</subfield>
    <subfield code="t">1</subfield>
    <subfield code="w">2020-11-04</subfield>
    <subfield code="y">BK</subfield>
  </datafield>
</record>
